000 00473nam a2200181Ia 4500
005 20230912095430.0
008 131103s9999 xx 000 0 und d
040 _aLoreto College
041 _aEnglish
082 _a232
_bSAY
100 _aSayers, Dorothy L.
245 4 _aThe Greatest Drama Ever Staged
_cby Dorothy L. Sayers
260 _aLondon
_bHodder and stoughton
_c1938
300 _a47p.
650 _aReligion - christian
850 _aLCLIB
942 _cBK
999 _c23454
_d73933